00648cpcaa2200205 4500001001300000003000400013005001700017008004100034010001700075040002400092072001200116245008100128300001400209506002200223546003600245580005700281650002700338651006000365999001700425mm 78005022 DLC20260227111620.0790105|||||||||||| eng  amm 78005022  aDLCcDLCedacsdDLC 7aS2lcmd00aAtlantic Coast Aeronautical Station, Newport News, Va., records,f1916-1917. a3fitems.0 aOpen to research. aCollection material in English. aForms part of: Miscellaneous Manuscripts collection. 0aAeronauticszVirginia. 0aAtlantic Coast Aeronautical Station (Newport News, Va.) c39672d39672